Представление документа в формате RUSMARC

ПолеНазваниеЗначение
  Тип записи a
  Библиографический уровень a
001 Контрольный номер RU/CBS_UL/BASE/636e895a187c4371af6d77d07c31a418
005 Дата корректировки 20250507143254.4
100 Данные общей обработки __
a Данные общей обработки 20250507 ||| 0rusy0189 ca
101 Язык документа 0_
a Язык текста rus
102 Страна публикации __
a Страна публикации RU
200 Заглавие и сведения об ответственности 1_
a Заглавие Ольга Берггольц. Вспышка дневной звезды
e Сведения, относящиеся к заглавию [о жизни и творчестве О. Берггольц]
f Первые сведения об ответственности Я. Миркин
300 Общие примечания __
a Общие примечания 16+
320 Библиография __
a Библиография Библиогр.: с. 25
461 Уровень набора _0
1 2000
a Родина
463 Уровень физической единицы _0
1 2000
a № 3
v С. 20-25 : фот., ил.
1 2101
d 2023
1 001RU/CBS_UL/BASE/7053cac77d2a4ac4ba59b1245707d6fd
600 Персоналии _1
a Персоналии (Фамилия) Берггольц
b Персоналии (Имя, инициалы) О.Ф.
606 Тематические рубрики 0_
a Основная рубрика Берггольц, Ольга Фёдоровна (1910-1975)
610 Ключевые слова 0_
a Ключевые слова поэтессы
610 Ключевые слова 0_
a Ключевые слова личная жизнь
610 Ключевые слова 0_
a Ключевые слова блокадная жизнь
610 Ключевые слова 0_
a Ключевые слова блокада Ленинграда
610 Ключевые слова 0_
a Ключевые слова дневники
610 Ключевые слова 0_
a Ключевые слова судьбы людей
610 Ключевые слова 0_
a Ключевые слова мемуаристика
686 Индексы других классификаций __
2 Код системы rubbk
a Классификационный индекс 83.3(2Рос=Рус)6
700 Автор _1
a Фамилия Миркин
b Имя (инициалы) Я.
801 Источник записи _0
a Страна RU
b Организация МБУК ЦБС г. Ульяновска
c Дата составления 20250507
g Правила каталогизации RCR
801 Источник записи _1
a Страна RU
b Организация МБУК ЦБС г. Ульяновска
c Дата составления 20250507
g Правила каталогизации RCR
901 Тип документа __
t Тип документа b
w Контрольный № источника RU/CBS_UL/BASE/7053cac77d2a4ac4ba59b1245707d6fd
909 Создатель записи __
a Создатель записи lib1